000 00512cam a2200193ua 4500
001 3221
008 111013n ii |||gr||||Z||||||asm
020 _a81-7339-304-4
040 _cMAIN
082 _a891.4513
100 1 _aGoswami, Mamani Raison,
245 1 1 _aMamani Raison Goswamir priya upanyas
_cby Mamani Raison Goswami
250 _a1st.
260 _aGuahati:
_bBanalata,
_c2001.
300 _a351p:
_c23cm.
653 _aAssamese novel
653 _aMamani Raison Goswamir priya upanyas
942 _cBK
999 _c3067
_d3067